Northernmost Countries by Word Length - 90 Second Sprint - Statistics

General Stats
  • This quiz has been taken 34 times
  • The average score is 7 of 10
Answer Stats
letters country % Correct
6 Canada
97%
7 Finland
90%
13 United Kingdom
84%
12 United States
77%
8 Mongolia
68%
5 China
65%
9 Greenland
55%
10 Kazakhstan
55%
11 Netherlands
42%
4 Iran
35%
No matching quizzes found
Score Distribution
Percent of People with Each Score
Percentile by Number Answered
Your Score History
You have not taken this quiz